| 000 | 00365nam a2200145 a 4500 | ||
|---|---|---|---|
| 005 | 20140412111409.0 | ||
| 008 | 070706s19uu xx 00 eng d | ||
| 020 | _a0-307-62792-6 | ||
| 050 |
_aER _bLi66 1994 |
||
| 100 | _aHover, Margo | ||
| 245 |
_aThe lion king / _cMargo Hover. |
||
| 260 |
_aU.S.A : _bWalt Disney, _c1994. |
||
| 440 | _aDisney | ||
| 999 |
_c105617 _d105617 |
||